000 00590cam a22002174a 4500
005 20250605163941.0
008 250528s ||||||||||||||||||||||||d
035 _a15033
020 _a77338227
040 _aGR-AtMCL
_bgre
_dGR-AtMCL
_eAACR2
245 1 _aWorking Papers for Use with Fundamental Accounting Principles / Chapters 14-28: Ninth Edition
250 _a9th
260 _bRichard D. Irwin, Inc,
_c1981
300 _a186
520 _aChapters 14-28.
700 1 _aLarson Kermit D
_9868
700 1 _aPyle William W
_9869
942 _cBK
999 _c637
_d637